000 00537nam a2200169 a 4500
001 000043033
005 20201002040604.0
008 140218s2003 enk 000 0 spa d
020 _a0713995963
040 _aDO-SdBNP
_bspa
_cBNPHU
082 _axxx
_bxxx
100 1 _aJenkins, Simon
_970560
245 1 0 _aEngland's thousand best houses /
_cSimon Jenkins ; with photographs by Quintin Wright.
260 _aLondon, England :
_bAllen Lane,
_c2003.
300 _axl, 950 p. :
_bil., mapas ;
_c24 cm.
700 1 2 _aWright, Quintin
_efot
_970561
999 _c42522
_d42522